000 00833nam a2200265Ia 4500
003 OSt
005 20220926020408.0
006 a|||||r|||| 00| 0
007 ta
008 220923b |||||||| |||| 00| 0 eng d
020 _a9780415687812
_c2712.73
037 _bIN2482, 09/03/2016, R K Books
_cGeneral Book
040 _aRTL
_cRTL
_beng
041 _2eng
_aeng
082 _aU671:(G:55), Q6
100 _aNEWSHAM Andrew
_930569
245 0 _aConversation and development
260 _aNew York
_bRoutledge
_c2016
300 _axxvi, 411p
_ccm.
500 _aGlossary: p 531-540; Bibliography: p 541-567
650 _aGeography
700 _a BHAGWAT Shonil
_930570
942 _hU671:(G:55), Q6
_cGB
_2CC
999 _c634115
_d634115